• 首页
  • 本馆介绍
  • 公告通知
  • 最新文献
  • 馆藏检索
  • 电子资源
  • 读者导购
  • 参考咨询
  • 我的图书馆
  • 登录
  • 详细信息显示
  • 放入我的书架
  • 预约/预借图书
  • 作者相关作品
  • 分类相关作品
  • 丛书相关作品
  • 出版社相关作品

书目信息

  • 表格格式
  • 工作单格式
  • 卡片格式
题名:
物理学词典
    
 
作者: 蔡诗东 编著
分册:   等离子体物理学分册
出版信息: 北京   科学出版社  1985.7
页数: 161页
开本: 20cm
丛书名:
单 册:
中图分类: O4-61
科图分类:
主题词: 物理学
电子资源:
ISBN:
000 00626nam0 2200217 45
001 0312221749
005 20040923151147.7
010    @dCNY1.60
091    @a17031.212
100    @a20031222d1985 km y0chiy0120 ea
101    @achi
105    @a z 000yy
200 1  @a物理学词典@AWu Li Xue Ci Dian@i等离子体物理学分册@f蔡诗东等编著@FCai Shi Dong Deng Bian Zhu
210    @a北京@c科学出版社@d1985.7
215    @a161页@d20cm
517    @a等离子体物理学分册@ADeng Li Zi Ti Wu Li Xue Fen Ce
606 0  @a物理学
690    @aO4-61@v3
701 0  @a蔡诗东@4编著
801    @aCN@bTSTCL@c20031222
905    @dO4-61@e124@f1@b138560
    
    物理学词典.等离子体物理学分册/蔡诗东等编著.-北京:科学出版社,1985.7
    161页;20cm
    
    
    ISBN :CNY1.60
    
●
相关链接 在E读中查询图书 在五车中查询图书 在当当中查询图书 在豆瓣中查询图书


正题名:物理学词典     索取号:O4-61/124         预约/预借

序号 登录号 条形码 馆藏地/架位号 状态 备注
1 0138560   001962291   密集书库/ [索取号:O4-61/124] 在馆    
2 0138561   000393201   第二样本阅览室/ [索取号:O4-61/124] 在馆    
唐山师范学院图书馆 欢迎您!
大连网信软件有限公司© 版权所有